02626nkc a2200373za 450000100060000000300040000600500170001000700070002700800410003404000240007510000410009924500320014026000240017230001500019650002780034650001930062450000650081750001340088250001690101650400520118550500310123751001510126851002100141956101300162965100260175965100300178565500400181570000600185585200120191585601500192794200250207795201330210299900170223584721OSt20260325084735.0kh boc250410s19101911sp ||||| ||||||0| i|spa d aM-RABAbspacM-RABA1 aElorza, Lorenzod(1861-1931)911106810aZurbanob: Columnac/ L. E. c[ca. 1910 – 1911] a3 fotografíasb: gelatina de plata c; imagen 3,7 x 15,5 cmc; imagen 4.5 x 15,5 cm c; imagen 4 x 15,5 cmc; soporte secundario 21,5 x 26,5 cm aTres vistas de la columna románica de Zurbano con figuras alegóricas, en las dos medias columnas que la forman. Presenta un cimezio ajedrezado bajo el que se situan los capiteles decorados con follaje. Por el fuste ascienden cinco figuras, tres a un lado y dos a otro.  aFotografía montada sobre soporte secundario de cartulina azul enmarcada con orla en relieve. Título y numeración manuscrita que hace referencia a la posición en la serie “166”. aSello con monograma del fotógrafo en tinta roja “L.E.” aFechas tomadas de la ejecución del positivo de las fotografías, incluido el soporte secundario. (Soto Madrazo, Javier. 2008). aForma parte de un conjunto de 167 fotografías empleadas por Federico Baráibar Zumárraga para la elaboración del Inventario del Románico en Álava (1911). aBaraibar, F.: "Rincones artísticos", M. 1914. aZurbano.- Columna. / L. E. aDescripción tomada de: Soto Madrazo, Javier (2008). Federico Baraibar y el Inventario del Románico en Álava: una caja con 167 fotografías. aEsta colección fue utilizada posteriormente por Cristóbal de Castro para la elaboración y publicación del "Catálogo Monumental de España: provincia de Álava", Madrid, S. de Rivadeneira, 1915. aDonadas junto con la memoria manuscrita a la Academia por el mismo Baraibar (Sesión 12 de febrero de 1912, Archivo: 4-32-1) 7aÁlava2embne975661 7aZurbano (Álava)9111660 0aFotografías de monumentos91115801 aBaráibar y Zumárraga, Federico d(1851-1918)912926 jFot-275 3Fot-275uhttps://archivoybiblioteca.realacademiabellasartessanfernando.com/cgi-bin/koha/opac-retrieve-file.pl?id=0ff3b7b14ed18b44855cfab5e5c8e8a7 2ddccFOTOGRAFÍAn0 00102ddc40708FOTOGRAFIAaRABASFbRABASFcDP2d2025-05-08l0oFot-275p1095607r2025-05-08 11:16:16w2025-05-08yFOTOGRAFÍA c84721d84721